|
|
|
|
| LEADER |
00000nab a2200000 a 4500 |
| 001 |
vtls001007347 |
| 003 |
SK-MaSNL |
| 005 |
20260319073841.0 |
| 008 |
040720e19990000xo 0 hun |
| 035 |
|
|
|a RV7947
|
| 040 |
|
|
|a RVGKPD
|b slo
|c RVGKPD
|e AACR2
|
| 041 |
0 |
|
|a slo
|
| 044 |
|
|
|a xo
|c SK
|
| 080 |
|
|
|a 373.6
|2 1981
|
| 080 |
|
|
|a 37
|2 1981
|
| 245 |
0 |
0 |
|a Volt egyszer egy iskola...
|
| 610 |
2 |
7 |
|a Pedagogická škola (Rožňava, Slovensko)
|2 RVGKPD
|9 1024562
|
| 651 |
|
7 |
|a Rožňava (Slovensko)
|2 RVGKPD
|9 17394
|
| 655 |
|
7 |
|a periodikum
|2 snkbucl
|9 29553
|
| 710 |
2 |
|
|a Pedagogická škola (Rožňava, Slovensko)
|4 aut
|9 1024562
|
| 773 |
0 |
8 |
|t Rozsnyói Futár
|g Roč. 3, č.7-8 (1999), s. 6
|
| 852 |
|
|
|a ZVYKNI
|b KIS3GCP
|
| 999 |
|
|
|c 1682201
|d 1684131
|